Suchý & Šlitr : Semafor 1959-1969 /

Hlavní autor: Klusák, Pavel, 1969-
Jazyk: Čeština
Vydáno: Brno : Host, 2024
Vydání: První vydání
Témata:
Fyzický popis: 445 stran, 11 nečíslovaných stran : ilustrace, portréty, faksimile ; 26 cm
Knihy
Uloženo v:
LEADER 02669cam a2200673 i 4500
001 nkc20243653030
003 CZ PrNK
005 20250204133436.0
007 ta
008 241120s2024 xr acfhe 001 d cze d
015 |a cnb003653030 
020 |a 978-80-275-1813-5  |q (vázáno) 
035 |a (OCoLC)1498299209 
040 |a TUG001  |b cze  |d CBA001  |d ABA001  |e rda 
043 |a e-cs--- 
045 |a x5x6 
072 7 |a 792  |x Divadlo. Divadelní představení  |2 Konspekt  |9 3 
080 |a 784.7:792  |2 MRF 
080 |a 792.09  |2 MRF 
080 |a 82-2  |2 MRF 
080 |a 792.2  |2 MRF 
080 |a 792(091)  |2 MRF 
080 |a (437)  |2 MRF 
080 |a (048.8)  |2 MRF 
100 1 |a Klusák, Pavel,  |d 1969-  |7 kv2006277184  |4 aut 
245 1 0 |a Suchý & Šlitr :  |b Semafor 1959-1969 /  |c Pavel Klusák 
246 3 |a Suchý a Šlitr 
246 3 0 |a Semafor 1959-1969 
250 |a První vydání 
264 1 |a Brno :  |b Host,  |c 2024 
300 |a 445 stran, 11 nečíslovaných stran :  |b ilustrace, portréty, faksimile ;  |c 26 cm 
336 |a text  |b txt  |2 rdacontent 
336 |a statický obraz  |b sti  |2 rdacontent 
337 |a bez média  |b n  |2 rdamedia 
338 |a svazek  |b nc  |2 rdacarrier 
504 |a Obsahuje bibliografii, bibliografické odkazy a rejstřík 
600 1 7 |a Šlitr, Jiří,  |d 1924-1969  |7 jk01130482  |2 czenas 
600 1 7 |a Suchý, Jiří,  |d 1931 říjen 1.-  |7 jk01121734  |2 czenas 
610 2 7 |a Divadlo Semafor  |7 kn20010709448  |2 czenas 
648 4 |a 1959-1969 
650 0 7 |a divadla malých forem  |7 ph327646  |z Československo  |y 1959-1969  |2 czenas 
650 0 7 |a dějiny divadla  |7 ph483972  |z Československo  |y 1959-1969  |2 czenas 
650 0 7 |a divadelní představení  |7 ph114331  |z Československo  |y 1959-1969  |2 czenas 
650 0 7 |a divadelní inscenace  |7 ph114330  |z Československo  |y 1959-1969  |2 czenas 
650 0 7 |a divadelní písně  |7 ph224331  |z Československo  |y 1959-1969  |2 czenas 
650 0 9 |a theaters of small forms  |z Czechoslovakia  |y 1959-1969  |2 eczenas 
650 0 9 |a history of theater  |z Czechoslovakia  |y 1959-1969  |2 eczenas 
650 0 9 |a theater performances  |z Czechoslovakia  |y 1959-1969  |2 eczenas 
650 0 9 |a theatrical productions  |z Czechoslovakia  |y 1959-1969  |2 eczenas 
650 0 9 |a theater songs  |z Czechoslovakia  |y 1959-1969  |2 eczenas 
655 7 |a monografie  |7 fd132842  |2 czenas 
655 9 |a monographs  |2 eczenas 
910 2 |a BOA001  |b 3-1539.186 
920 |a 1337374  |z CBA001 
990 |a BK 
995 |a 01 
991 |b 202501  |c NOV 
996 6 |b 2610992583  |c 3-1539.186  |l MZK  |r Sklad / do 1 hodiny  |n 0  |p p.v.  |w 001991653  |u 000010  |a 1  |e BOA001  |j MZK50  |s P 
996 7 |b 2610992584  |c 3-1539.186  |l MZK  |r Sklad / do 1 hodiny  |n 8  |p p.v.  |w 001991653  |u 000020  |a 1  |e BOA001  |j MZK50  |s A